000 00801cab a2200241 4500
001 ABS52247
008 090401t xxu||||| |||| 00| 0 eng d
035 _a(Sirsi) u68073
041 _aeng
100 _aCatt, R.
245 _aIncreased competition may lead to losers all round
260 _c50(7) 16 February 1995. 26(1)
350 _a0
490 _aProperty Week
_v50(7) 16 February 1995. 26(1)
520 _aWarns that cut-throat competition with low-cost tendering is undermining the building surveying profession and lowering professional standards.
650 _aBUILT ENVIRONMENT-BUILDING INSPECTION
650 _aFEE TENDERING
650 _aPROFESSIONAL STANDARDS
650 _aTENDERING
690 _aBUILT ENVIRONMENT-BUILDING INSPECTION
942 _n0
948 _c04/03/1997
999 _c42673
_d42673